Чудо-созвездие: героические и богатырские, волшебные и фантастические сказки малых народностей Крайнего Севера, Дальнего Востока и братских республик нашей страны

Dades bibliogràfiques
Altres autors: Савельева Л. А. (составитель), Стебакова Л. Н. (иллюстратор), Брюханов Д. А.
Idioma:rus
Publicat: Магадан, Магаданское книжное издательство, 1974
Matèries:
Format: MixedMaterials Llibre
KOHA link:https://koha.lib.tpu.ru/cgi-bin/koha/opac-detail.pl?biblionumber=153393

MARC

LEADER 00000nam0a2200000 4500
001 153393
005 20231031151404.0
035 |a (RuTPU)RU\TPU\book\166421 
090 |a 153393 
100 |a 20090212d1974 m y0rusy50 ca 
101 0 |a rus 
102 |a RU 
105 |a a z 001ay 
200 1 |a Чудо-созвездие  |e героические и богатырские, волшебные и фантастические сказки малых народностей Крайнего Севера, Дальнего Востока и братских республик нашей страны  |f сост. Л. А. Савельева ; Л. Н. Стебакова ; худож. Д. А. Брюханов 
210 |a Магадан  |c Магаданское книжное издательство  |d 1974 
215 |a 223 с.  |c ил. 
320 |a Библиогр.: с. 218-221 
610 1 |a сказки 
610 1 |a народы Севера 
610 1 |a Дальний Восток 
610 1 |a народы России 
675 |a 894.7  |v 3 
702 1 |a Савельева  |b Л. А.  |4 220 
702 1 |a Стебакова  |b Л. Н.  |4 220 
702 1 |a Брюханов  |b Д. А.  |4 440 
801 1 |a RU  |b 63413507  |c 20090212  |g PSBO 
801 2 |a RU  |b 63413507  |c 20200915  |g RCR 
942 |c BK